Associe les paroles à la chanson de Ninho - Statistiques

Statistiques générales
  • Ce quiz a été pris 3 582 fois
  • Le résultat moyen est 15 sur 30
Statistiques - réponses
Hint Réponse % Correct
Bientôt j'irai au ciel rejoindre Rimkus , le petit Lamine La vie qu'on mène
88%
J't'aime __ ____, trahi pas la Honda, nous deux sur la moto, on a tous les contacts Un Poco
84%
Et tes copines disent qu'c'est mort un avenir avec NI, mais c'est p't'être William qui veut fonder une famille Lettre à une femme
79%
Carla Bruni jouait de la guitare, on a acheté les-nôtres et on tire sur eux Zipette
71%
Qu'est-ce qu'on va devenir dans dix ans ? J'me rappelle même plus de ce qu'on disait Putana
70%
Toute vêtue de rose elle ressemble à Nicki, en bikini, j't'explique pas, c'est un missile Elle est bonne sa mère
69%
J'ai toujours rêvé d'être dans le top, sourd face à la jalousie Jefe
68%
À deux-cent cinquante, une femme et des enfants au bout du tunnel Dis-moi qu'tu m'aimes
66%
Le procureur veut six mois et la juge à l'air aimable, j'suis mouillé jusqu'au cou mais j'ai plaidé non-coupable Air Max
61%
Violet, la couleur du _______, le commercant n'a pas la monnaie Papers
60%
Koro des koro, tu connais la choré, j'ai trop picolé la petite est collée Elle a mal
57%
Devant l'miroir j'me trouve BG, un peu gêné, un peu gêné quand la famille demande le prix Tout en Gucci
56%
Ma chérie veut Yves Saint Lau'-Lau', j'te donne mon cœur, fais pas bobo TOUT VA BIEN
55%
Toujours un mbeli, go to London, toujours un mbeli, go to London, scam, scam, scam, pour presque vingt points, que dieu nous pardonne Eurostar
53%
Khapta vers le port, elle veut taper la mort, elle veut qu'j'fasse des efforts, j'ai pas d'permis, j'suis bourré 6.3
49%
Tout en ___, carats certifiés, en Bentley vers Porte d'Italie, c'est la même qualité, c'est juste le prix qui baisse VVS
48%
Sois ma Elvira, sois ma Cardi, j'serai ton Offset Grand Bain
46%
48h je nie les faits, ils le disent mais est-ce qu'ils le font ? Binks to binks part. 2
41%
Le savoir est une arme et j'avais des munitions plein la tête, et si t'es prêt à gagner c'est que t'es prêt à perdre Goutte d'eau
41%
J'suis un peu parano babe, en pleine nuit j'ai quitté l'hôtel, hmmm, j'avais trop mal à la tête Vérité
40%
J'arrive en full Burberry, dans la chambre j'ai coffré Barbara, j'suis dans les bails, dans toutes les stories Distant
36%
À la base, c'était moi, maintenant, y a qu’toi, car y'a toujours une reine dans le château du roi Jamais
34%
Interpellé par monsieur l'agent on est 10 dans l'affaire mais j'ai rien dit, t'as d'jà fait ton temps, faut laisser le rain-té aux petits Ma 6t a craqué
34%
Une montagne de moula mais j'suis resté passionné, j'aurais pas toutes ces valeurs si j'avais pas zoné Gasolina
32%
Ils veulent nous ralentir, stopper el tráfico, on est cramés dans les bails, chico Maman ne le sait pas
32%
Ma bella veut qu'on aille au resto mais j'suis cramé sur Paname Millions
32%
Je n'ai que la haine à vous donner, même les plus coriaces finissent par abandonner De l'autre côté
28%
On revient en bécane quand ça pue la merde, amitié d'plus de 10 piges dans le cercle Coco
24%
Maintenant, c'est nous les fucking boss du jeu, si on veut on s'barre dès demain Méchant
24%
Plus de clients, plus de liasses, même sous commission, on ne fait pas d'pauses Rose
23%
Aucun quiz correspondant
Distribution des résultats
% des personnes avec chaque résultat
Percentile par nombre de réponses
Votre historique - résultats
Vous n’avez pas pris ce quiz